1443 1775 1125 1415 1950 1913 1153 1479 1866 1861 1512 1800 1949 1991 1561 1499 1988 1997 1644 1323 1829 1616 1075 1845 1648 1077 1742 1960 1459 1944 1360 1023 1718 1461 1431 1955 1019 1242 1665 1036 1793 1473 1991 1224 1383 1469 1611 1091 1514 1690 1337 1205 1214 1452 1535 1193 1603 1862 1099 1041 1254 1226 1004 1193 1871 1463 1527 1565 1117 1622 1507 1981 1482 1702 1929 1063 1254 1047 1608 1778 1123 1688 1911 1393 1270 1681 1831 1886 1504 1894 1330 1615 1247 1845 1903 1335 1863 1677 1275 BCNSPRNW ULIB Ver.6.0+V

เปลี่ยนเป็นภาษาไทย

Change to English
 แสดงรายละเอียดบรรณานุกรม
  กลับหน้าหลัก

Brief Record : Get Marc (ISO 2709) : E-mail record : QR code < ปิดหน้าต่าง
LEADER : 00000nam 2200000uu 4500
001    13399121559
003     ULIB
008    121123s2549||||th 000 0 tha d
020    ^a9746520156
060 04 ^aWW100^bว321จ
100 0  ^aวราภรณ์ บูรณตรีเวทย์
245 10 ^aจักษุวิทยา =^bRed eye, lids & lacrimal system /^cวราภรณ์บูรณตรีเวทย์
246 31 ^aRed eye, lids & lacrimal system
250    ^aพิมพ์ครั้งที่ 1
260    ^aกรุงเทพฯ :^bบุ๊คเน็ท,^c2546
300    ^av, 78 หน้า :^bภาพประกอบ ;^c22 ซม.
650  7 ^aจักษุวิทยา
650  7 ^aตา, โรค
945    ^p120^l0^i15969
945    ^p120^l0^i15970
995    ^aวิภา
999 ^a ใช้งานได้ทุกระบบ
รายการนี้ยังไม่มีแท็ก
คุณยังไม่ได้ล็อกอิน คุณสามารถมีกิจกรรมร่วมกับเว็บไซต์ได้ แต่ต้องล็อกอินก่อน ::
  ล็อกอิน

รายการสื่อสารสนเทศ

ลำดับที่ ประเภท เลขเรียก/บาร์โค้ด สถานที่ สถานะ
1. วิทยาศาสตร์การแพทย์ และสุขภาพ
วิทยาศาสตร์การแพทย์ และสุขภาพ
WW100 ว321จ  
  Barcode: 15969
ห้องสมุดวิทยาเขตสวรรค์ประชารักษ์
►หนังสือทั่วไป
บนชั้น
2. วิทยาศาสตร์การแพทย์ และสุขภาพ
วิทยาศาสตร์การแพทย์ และสุขภาพ
WW100 ว321จ ฉ.2 
  Barcode: 15970
ห้องสมุดวิทยาเขตสวรรค์ประชารักษ์
►หนังสือทั่วไป
บนชั้น

รายการใกล้เคียง
    หัวเรื่อง [จักษุวิทยา]
    หัวเรื่อง [ตา, โรค]

BibComment


ยังไม่เคยถูกคอมเมนท์

คอมเมนท์ทรัพยากรรายการนี้
  คอมเมนท์: จักษุวิทยา Red ..


 Copyright 2026. Bcnsprnw @Library